K dejinám náboženstva a filozofie v Nemecku

Bibliographic Details
Main Author: Heine, Heinrich, 1797-1856 (Author)
Format: Book
Language:Undetermined
PhysicalDescription:173 s.
Published: Bratislava Slovenské vydavateľstvo politickej literatúry 1956

MARC

LEADER 00000nam a2200000 a 4500
001 vtls001446729
003 SK-MaSNL
005 20260301203032.0
008 240315s1956 xx 0 und
035 |a SNK000401982 
040 |a SNK  |b slo  |c SNK  |e AACR2 
100 1 |a Heine, Heinrich,  |d 1797-1856  |4 aut  |9 105738 
245 1 |a K dejinám náboženstva a filozofie v Nemecku 
260 |a Bratislava  |b Slovenské vydavateľstvo politickej literatúry  |c 1956 
300 |a 173 s. 
999 |c 901113  |d 903043 
952 |t P60, <04>, [BOOK], {604}  |a SNK  |b SNK  |y VYP  |7 0  |p 17A0363815  |o snkSD 10741 D1  |i snkKSP 1070/56  |0 0  |1 0  |4 0  |d 2002-12-17  |l 0  |r 2005-01-02 00:00:00  |w 2026-02-24 
952 |t P60, <03>, [BOOK], {603}  |a SNK  |b SNK  |y PREZ  |7 0  |p 17A0447629  |o snkSD 10741  |i snkKSP 1069/56  |0 0  |1 0  |4 0  |d 2004-10-29  |l 0  |r 2025-11-24 00:00:00  |w 2026-02-24